[Event "Daventry 4NCL Easter Open"]
[Site "Daventry"]
[Date "2025.04.20"]
[Round "5.2"]
[White "Cox, Tristan A"]
[Black "Bin-Suhayl, Ieysaa"]
[Result "0-1"]
[WhiteElo "2181"]
[BlackElo "2335"]
[PlyCount "62"]
[EventDate "2025.04.18"]
[EventType "swiss"]
[EventRounds "7"]
[EventCountry "ENG"]
[SourceTitle "BritBase"]
[Source "John Saunders"]
[SourceDate "2025.09.17"]
[SourceVersion "1"]
[SourceVersionDate "2025.09.17"]
[SourceQuality "1"]

1. e4 e5 2. Nf3 Nc6 3. Bb5 a6 4. Ba4 Nf6 5. O-O Be7 6. Re1 b5 7. Bb3 O-O 8. c3 d6 9. h3 Nb8 10. d4 Nbd7 11. c4 Bb7 12. Nc3 c6 13. a3 Re8 14. d5 h6 15. Be3 Rc8 16. dxc6 Bxc6 17. cxb5 axb5 18. Nd5 Nxe4 19. Bxh6 Nec5 20. Nxe7+ Qxe7 21. Bg5 Qf8 22. Ba2 Nb6 23. Nh4 d5 24. Nf5 Bd7 25. Qg4 Rc6 26. b4 Nd3 27. Re3 e4 28. f3 Re5 29. fxe4 dxe4 30. Rf1 Rc1 31. Rxc1 Nxc1 0-1

[Event "Daventry 4NCL Easter Open"]
[Site "Daventry"]
[Date "2025.04.20"]
[Round "5.3"]
[White "Pilley, Jack"]
[Black "Hebden, Mark L"]
[Result "1/2-1/2"]
[WhiteElo "2145"]
[BlackElo "2451"]
[PlyCount "61"]
[EventDate "2025.04.18"]
[EventType "swiss"]
[EventRounds "7"]
[EventCountry "ENG"]
[SourceTitle "BritBase"]
[Source "John Saunders"]
[SourceDate "2025.09.17"]
[SourceVersion "1"]
[SourceVersionDate "2025.09.17"]
[SourceQuality "1"]

1. e4 e5 2. Nc3 Nf6 3. f4 d5 4. fxe5 Nxe4 5. Qf3 Nxc3 6. bxc3 Be7 7. d4 O-O 8. Bd3 c5 9. Ne2 Nc6 10. O-O Be6 11. Be3 Kh8 12. Nf4 c4 13. Bxh7 Bg5 14. Qh5 Bh6 15. Nxd5 Bxd5 16. Bxh6 g6 17. Bxg6 fxg6 18. Qh3 Rxf1+ 19. Rxf1 Kg8 20. Rf8+ Qxf8 21. Bxf8 Rxf8 22. Qg4 Ne7 23. h4 Rf5 24. a4 Kf7 25. Qe2 Ke6 26. Qe3 Kd7 27. Qh6 a6 28. Qh8 Ke6 29. Qd8 Kf7 30. Qh8 Ke6 31. Qd8 1/2-1/2

[Event "Daventry 4NCL Easter Open"]
[Site "Daventry"]
[Date "2025.04.20"]
[Round "5.4"]
[White "Willmoth, Robert F"]
[Black "Jones, Steven A"]
[Result "1/2-1/2"]
[WhiteElo "2248"]
[BlackElo "2291"]
[PlyCount "40"]
[EventDate "2025.04.18"]
[EventType "swiss"]
[EventRounds "7"]
[EventCountry "ENG"]
[SourceTitle "BritBase"]
[Source "John Saunders"]
[SourceDate "2025.09.17"]
[SourceVersion "1"]
[SourceVersionDate "2025.09.17"]
[SourceQuality "1"]

1. Nf3 Nf6 2. e3 g6 3. d4 Bg7 4. c4 O-O 5. Be2 c5 6. d5 e6 7. Nc3 exd5 8. cxd5 d6 9. O-O a6 10. a4 Re8 11. Nd2 Nbd7 12. Nc4 Nb6 13. Nxb6 Qxb6 14. a5 Qc7 15. Bd2 Ne4 16. Nxe4 Rxe4 17. Bf3 Re8 18. Qc2 b5 19. axb6 Qxb6 20. Bc3 Bd7 1/2-1/2

[Event "Daventry 4NCL Easter Open"]
[Site "Daventry"]
[Date "2025.04.20"]
[Round "5.5"]
[White "Okhai, Shabir"]
[Black "Varley, Joe"]
[Result "1-0"]
[WhiteElo "2222"]
[BlackElo "2098"]
[PlyCount "91"]
[EventDate "2025.04.18"]
[EventType "swiss"]
[EventRounds "7"]
[EventCountry "ENG"]
[SourceTitle "BritBase"]
[Source "John Saunders"]
[SourceDate "2025.09.17"]
[SourceVersion "1"]
[SourceVersionDate "2025.09.17"]
[SourceQuality "1"]

1. e4 c5 2. Nf3 Nc6 3. Bb5 Nf6 4. Nc3 Qc7 5. O-O Nd4 6. Re1 a6 7. Bf1 Ng4 8. e5 Nxf3+ 9. Qxf3 Nxe5 10. Qh5 d6 11. f4 Ng6 12. Bc4 e5 13. Nd5 Qd8 14. d4 cxd4 15. fxe5 dxe5 16. Rxe5+ Be6 17. Bg5 Qd6 18. Rxe6+ fxe6 19. Nf4 Qc5 20. Bxe6 Be7 21. Nxg6 Qxg5 22. Qxg5 Bxg5 23. Nxh8 Ke7 24. Bd5 Rxh8 25. Bxb7 Be3+ 26. Kf1 Rf8+ 27. Bf3 g5 28. h3 h5 29. Ke2 g4 30. hxg4 hxg4 31. Be4 Rf2+ 32. Kd3 Kd6 33. Rd1 Ke5 34. b4 g3 35. a4 Rf7 36. Rh1 Rc7 37. Rh5+ Kd6 38. Ra5 Ra7 39. c3 Bf2 40. cxd4 Be1 41. Rd5+ Ke6 42. Kc4 a5 43. Re5+ Kd6 44. b5 Rc7+ 45. Bc6 Rf7 46. Rxe1 1-0

[Event "Daventry 4NCL Easter Open"]
[Site "Daventry"]
[Date "2025.04.20"]
[Round "5.6"]
[White "Burrows, Martin P"]
[Black "Kothari, Jai"]
[Result "1/2-1/2"]
[WhiteElo "2141"]
[BlackElo "2204"]
[PlyCount "127"]
[EventDate "2025.04.18"]
[EventType "swiss"]
[EventRounds "7"]
[EventCountry "ENG"]
[SourceTitle "BritBase"]
[Source "John Saunders"]
[SourceDate "2025.09.17"]
[SourceVersion "1"]
[SourceVersionDate "2025.09.17"]
[SourceQuality "1"]

1. e4 c5 2. Nf3 Nc6 3. d4 cxd4 4. Nxd4 g6 5. c4 Bg7 6. Be3 Nf6 7. Nc3 d6 8. Be2 Bd7 9. O-O O-O 10. Qd2 Nxd4 11. Bxd4 a5 12. b3 Bc6 13. f3 Nd7 14. Be3 Nc5 15. Rab1 Qb6 16. Rfc1 Rfc8 17. Rc2 Be5 18. a3 Nxb3 19. Bxb6 Nxd2 20. Rxd2 Bxc3 21. Rc2 Bf6 22. Be3 Bg7 23. Bd3 e6 24. Rd2 Rd8 25. Be2 f5 26. exf5 gxf5 27. Rbd1 Ba4 28. Rc1 Rd7 29. f4 Bc6 30. Rcd1 Bf8 31. g4 fxg4 32. Kf2 h5 33. h3 Rg7 34. hxg4 hxg4 35. Rg1 g3+ 36. Rxg3 Rxg3 37. Kxg3 Kf7 38. Bh5+ Ke7 39. c5 d5 40. Bd4 Bg7 41. Bxg7 Rg8 42. Bg4 Rxg7 43. Re2 Bd7 44. f5 Kf7 45. Kf4 exf5 46. Bxf5 Kf6 47. Bxd7 Rxd7 48. Rh2 Rf7 49. Ke3 Ke5 50. Rh5+ Ke6 51. Rh6+ Kd7 52. Rd6+ Kc7 53. Rxd5 Kc6 54. Rh5 Rd7 55. Ke4 a4 56. Rg5 Kb5 57. Rd5 Rh7 58. Kd4 Rh4+ 59. Kc3 Rh2 60. Rd4 Rh3+ 61. Kb2 Rh2+ 62. Kc3 Kxc5 63. Rxa4 b5 64. Rg4 1/2-1/2

[Event "Daventry 4NCL Easter Open"]
[Site "Daventry"]
[Date "2025.04.20"]
[Round "5.7"]
[White "McLean, Robert"]
[Black "Burton, Sean"]
[Result "1-0"]
[WhiteElo "2197"]
[BlackElo "1904"]
[PlyCount "47"]
[EventDate "2025.04.18"]
[EventType "swiss"]
[EventRounds "7"]
[EventCountry "ENG"]
[SourceTitle "BritBase"]
[Source "John Saunders"]
[SourceDate "2025.09.17"]
[SourceVersion "1"]
[SourceVersionDate "2025.09.17"]
[SourceQuality "1"]

1. e4 c5 2. Nf3 d6 3. d4 cxd4 4. Nxd4 Nf6 5. Nc3 g6 6. Be3 Bg7 7. f3 O-O 8. Qd2 Nc6 9. O-O-O d5 10. Nxc6 bxc6 11. Bc4 e6 12. Bb3 Qc7 13. h4 h5 14. g4 hxg4 15. h5 Nxh5 16. fxg4 Ng3 17. Qh2 Rd8 18. Qh7+ Kf8 19. Bc5+ Rd6 20. Rh3 Be5 21. Rxg3 Bxg3 22. Qh8+ Ke7 23. e5 Bb7 24. Bxd6+ 1-0

[Event "Daventry 4NCL Easter Open"]
[Site "Daventry"]
[Date "2025.04.20"]
[Round "5.8"]
[White "Bharat Kumar, Balahari"]
[Black "Richmond, Frank"]
[Result "1/2-1/2"]
[WhiteElo "2165"]
[BlackElo "1944"]
[PlyCount "120"]
[EventDate "2025.04.18"]
[EventType "swiss"]
[EventRounds "7"]
[EventCountry "ENG"]
[SourceTitle "BritBase"]
[Source "John Saunders"]
[SourceDate "2025.09.17"]
[SourceVersion "1"]
[SourceVersionDate "2025.09.17"]
[SourceQuality "1"]

1. d4 Nf6 2. c4 e6 3. Nf3 d5 4. Nc3 c6 5. e3 Nbd7 6. Qc2 Bd6 7. Bd3 e5 8. cxd5 cxd5 9. e4 dxe4 10. Nxe4 Nxe4 11. Bxe4 exd4 12. O-O Nf6 13. Bg5 h6 14. Bh4 O-O 15. Rad1 g5 16. Bg3 Nxe4 17. Qxe4 Bxg3 18. fxg3 f5 19. Qc2 Qb6 20. Nxd4 Be6 21. Kh1 Rad8 22. Qc3 Rc8 23. Qf3 Rcd8 24. Qc3 Rc8 25. Qf3 Rcd8 26. Nxe6 Qxe6 27. Rde1 Qd5 28. Qh5 Kg7 29. h4 Qf7 30. Qf3 Rd7 31. Re2 Re7 32. Rc2 Rc7 33. Rcf2 Qxa2 34. Qe3 Qd5 35. hxg5 hxg5 36. Qxg5+ Kh8 37. Rf4 Qg8 38. Rh4+ Rh7 39. Rxh7+ Qxh7+ 40. Kg1 Qg7 41. Qh4+ Kg8 42. Re1 Qxb2 43. Qc4+ Rf7 44. Re8+ Kg7 45. Qh4 Qc1+ 46. Kf2 Rf8 47. Qe7+ Rf7 48. Qe5+ Rf6 49. Qe7+ Rf7 50. Qe5+ Rf6 51. Re7+ Kg6 52. Qd5 Qc2+ 53. Kf1 Qc8 54. Qe5 a6 55. Re8 Qc4+ 56. Kg1 Qc1+ 57. Kf2 Qc4 58. Kg1 Qc1+ 59. Kf2 Qc4 60. Qb8 Qc2+ 1/2-1/2

[Event "Daventry 4NCL Easter Open"]
[Site "Daventry"]
[Date "2025.04.20"]
[Round "5.9"]
[White "Sasikumar, Srivathsan"]
[Black "Raju, Sooraj Menothuparam"]
[Result "0-1"]
[WhiteElo "2058"]
[BlackElo "2309"]
[PlyCount "130"]
[EventDate "2025.04.18"]
[EventType "swiss"]
[EventRounds "7"]
[EventCountry "ENG"]
[SourceTitle "BritBase"]
[Source "John Saunders"]
[SourceDate "2025.09.17"]
[SourceVersion "1"]
[SourceVersionDate "2025.09.17"]
[SourceQuality "1"]

1. e4 Nf6 2. e5 Nd5 3. d4 d6 4. Nf3 g6 5. Bc4 Nb6 6. Bb3 Bg7 7. O-O O-O 8. Bf4 Nc6 9. c3 a5 10. a4 dxe5 11. Nxe5 Nxe5 12. dxe5 Bd7 13. Re1 e6 14. Nd2 Bc6 15. Qc2 Nd7 16. Rad1 Qe8 17. Ne4 Rc8 18. Bg3 Qe7 19. f4 b6 20. Bf2 Rfd8 21. Bc4 Nb8 22. b3 Rxd1 23. Rxd1 Rd8 24. Rxd8+ Qxd8 25. Ng3 Nd7 26. Qd2 Qe7 27. Ne2 Nc5 28. Bxc5 Qxc5+ 29. Nd4 Bxa4 30. Bxe6 Be8 31. Bg4 b5 32. b4 axb4 33. cxb4 Qa7 34. h3 c5 35. bxc5 Qxc5 36. Kh2 b4 37. Bd1 Bh6 38. Qe3 Bd7 39. Bb3 Be6 40. Bxe6 fxe6 41. Qe4 Qd5 42. Qxd5 exd5 43. g3 Bf8 44. Kg2 Bc5 45. Nb3 Bb6 46. Kf3 Kf7 47. g4 Ke6 48. Ke2 g5 49. Kf3 h6 50. Nd2 gxf4 51. Kxf4 Bd4 52. Nf3 Bc3 53. Ke3 Bxe5 54. Kd3 Bc3 55. h4 Bg7 56. g5 hxg5 57. Nxg5+ Kf5 58. Nf3 Kg4 59. Ne1 b3 60. Ng2 Bh6 61. Kc3 Kf3 62. Ne1+ Ke2 63. Ng2 Kf2 64. Kxb3 Kxg2 65. Kb4 Kf3 0-1

[Event "Daventry 4NCL Easter Open"]
[Site "Daventry"]
[Date "2025.04.20"]
[Round "5.10"]
[White "De Silva, Sithun"]
[Black "Vaidyanathan, Adithya"]
[Result "0-1"]
[WhiteElo "1920"]
[BlackElo "2287"]
[PlyCount "100"]
[EventDate "2025.04.18"]
[EventType "swiss"]
[EventRounds "7"]
[EventCountry "ENG"]
[SourceTitle "BritBase"]
[Source "John Saunders"]
[SourceDate "2025.09.17"]
[SourceVersion "1"]
[SourceVersionDate "2025.09.17"]
[SourceQuality "1"]

1. d4 Nf6 2. Nf3 g6 3. g3 Bg7 4. Bg2 O-O 5. O-O c5 6. c4 cxd4 7. Nxd4 Nc6 8. Nc3 Qa5 9. Nb3 Qh5 10. e4 Qxd1 11. Rxd1 d6 12. c5 dxc5 13. Nxc5 Rb8 14. Bf4 e5 15. Bg5 b6 16. Rd6 Nd4 17. Nb3 Ne8 18. Be7 Nxd6 19. Bxd6 Be6 20. Nd5 Rbc8 21. Bxf8 Kxf8 22. Nc3 Nc2 23. Rc1 Nb4 24. Nd5 Nd3 25. Rxc8+ Bxc8 26. Nc7 Nxb2 27. Nb5 a6 28. Nc7 Na4 29. Bf1 b5 30. f3 Ke7 31. Nd5+ Kd6 32. Kf2 f5 33. Bd3 fxe4 34. fxe4 Bb7 35. Nb4 Bf6 36. Na5 Bc8 37. Nd5 Bd8 38. Nb3 Bb7 39. Ne3 Nc3 40. Kf3 Nxa2 41. Nd2 Nb4 42. Be2 Nc6 43. Nc2 Bc8 44. h4 h5 45. Ke3 Bb6+ 46. Kd3 Bf2 47. Nf1 a5 48. Kc3 Kc5 49. Kb2 Be6 50. Na3 Nd4 0-1

[Event "Daventry 4NCL Easter Open"]
[Site "Daventry"]
[Date "2025.04.20"]
[Round "5.11"]
[White "Potter, John M"]
[Black "Gunarathne, Senith"]
[Result "1/2-1/2"]
[WhiteElo "2159"]
[BlackElo "2064"]
[PlyCount "102"]
[EventDate "2025.04.18"]
[EventType "swiss"]
[EventRounds "7"]
[EventCountry "ENG"]
[SourceTitle "BritBase"]
[Source "John Saunders"]
[SourceDate "2025.09.17"]
[SourceVersion "1"]
[SourceVersionDate "2025.09.17"]
[SourceQuality "1"]

1. e4 c5 2. Nf3 d6 3. d4 cxd4 4. Nxd4 Nf6 5. Nc3 a6 6. Qf3 g6 7. h3 Bg7 8. Be3 O-O 9. O-O-O Bd7 10. Kb1 Nc6 11. Nd5 b5 12. Nxc6 Bxc6 13. Bb6 Qd7 14. Bd4 Qb7 15. Nxf6+ exf6 16. Bxf6 Bxe4 17. Qf4 Rac8 18. Bd3 Bxd3 19. Rxd3 Qxg2 20. Rhd1 Rc4 21. Qf3 Qxf3 22. Rxf3 Re4 23. a4 Rc8 24. Bxg7 Kxg7 25. Rxd6 Re1+ 26. Ka2 Rxc2 27. axb5 axb5 28. Rd7 Ree2 29. Rfxf7+ Kg8 30. Rg7+ Kf8 31. Rxh7 Rxb2+ 32. Ka3 Kg8 33. Rdg7+ Kf8 34. Rb7 Kg8 35. Rhg7+ Kh8 36. f4 Rf2 37. Rh7+ Kg8 38. Rbg7+ Kf8 39. Rf7+ Kg8 40. Rhg7+ Kh8 41. Rxg6 b4+ 42. Ka4 b3 43. Rg4 Rb1 44. Kb4 Re2 45. Rf8+ Kh7 46. Rf7+ Kh8 47. Rf5 Re7 48. Rh5+ Rh7 49. Rxh7+ Kxh7 50. Kc3 Kh6 51. Rg3 Rf1 1/2-1/2

[Event "Daventry 4NCL Easter Open"]
[Site "Daventry"]
[Date "2025.04.20"]
[Round "5.12"]
[White "Gordon, Sean"]
[Black "Dilley, Jason M"]
[Result "1-0"]
[WhiteElo "2050"]
[BlackElo "2143"]
[PlyCount "93"]
[EventDate "2025.04.18"]
[EventType "swiss"]
[EventRounds "7"]
[EventCountry "ENG"]
[SourceTitle "BritBase"]
[Source "John Saunders"]
[SourceDate "2025.09.17"]
[SourceVersion "1"]
[SourceVersionDate "2025.09.17"]
[SourceQuality "1"]

1. e4 d6 2. d4 Nf6 3. Nc3 c6 4. Be3 Qc7 5. f4 e5 6. h3 Nbd7 7. Nf3 Be7 8. Qd2 exd4 9. Nxd4 Nc5 10. Bd3 Bd7 11. O-O O-O 12. Nf3 Nxd3 13. cxd3 b5 14. Rac1 Qb7 15. f5 b4 16. Ne2 c5 17. e5 dxe5 18. Nxe5 Qd5 19. Nxd7 Nxd7 20. d4 c4 21. Nf4 Qxf5 22. Rxc4 Nb6 23. Rc6 Qe4 24. Rc2 Rfe8 25. Ne2 Bf6 26. Bf2 Nd5 27. Re1 Qf5 28. Rc5 Rad8 29. Ng3 Rxe1+ 30. Qxe1 Qd7 31. Qe4 Nb6 32. Ne2 Re8 33. Qf3 Qe6 34. Nf4 Qxa2 35. Nh5 Qb1+ 36. Kh2 Be7 37. Rf5 g6 38. Nf6+ Bxf6 39. Rxf6 Qa2 40. Bg3 Qd5 41. Qf2 Nc4 42. b3 Ne3 43. Be5 Nd1 44. Qf4 Nc3 45. Rd6 Qe4 46. Qf6 Rxe5 47. dxe5 1-0

[Event "Daventry 4NCL Easter Open"]
[Site "Daventry"]
[Date "2025.04.20"]
[Round "5.13"]
[White "Ansari, Athar"]
[Black "Hadi, Justin"]
[Result "1-0"]
[WhiteElo "2077"]
[BlackElo "1977"]
[PlyCount "97"]
[EventDate "2025.04.18"]
[EventType "swiss"]
[EventRounds "7"]
[EventCountry "ENG"]
[SourceTitle "BritBase"]
[Source "John Saunders"]
[SourceDate "2025.09.17"]
[SourceVersion "1"]
[SourceVersionDate "2025.09.17"]
[SourceQuality "1"]

1. d4 d5 2. Nf3 Nf6 3. Bf4 c5 4. e3 Nc6 5. c3 Bf5 6. Qa4 c4 7. Nbd2 Qa5 8. Qxa5 Nxa5 9. Be2 e6 10. Nh4 Bg4 11. Bxg4 Nxg4 12. e4 Be7 13. Nhf3 Nf6 14. exd5 exd5 15. O-O O-O 16. Rfe1 Rfe8 17. Re3 Nc6 18. Rae1 b5 19. Bg5 Kf8 20. Ne5 Nxe5 21. Rxe5 h6 22. Bh4 Ng8 23. Bxe7+ Rxe7 24. Kf1 Rd7 25. b3 Ne7 26. Rb1 Nc6 27. Re3 a6 28. bxc4 dxc4 29. a3 Ne7 30. Ne4 Nd5 31. Rf3 Re8 32. Nc5 Rd6 33. a4 Rb8 34. axb5 axb5 35. Ne4 Re6 36. Rf5 Nc7 37. f3 Reb6 38. Nc5 Rd6 39. Ra1 Nd5 40. Kf2 g6 41. Re5 Nxc3 42. Ra7 Re8 43. Nd7+ Rxd7 44. Rxd7 Rxe5 45. dxe5 b4 46. Rb7 b3 47. Ke1 Na2 48. Kd1 c3 49. Rxb3 1-0

[Event "Daventry 4NCL Easter Open"]
[Site "Daventry"]
[Date "2025.04.20"]
[Round "5.14"]
[White "Cook, Phil"]
[Black "Baer, Bruce L"]
[Result "0-1"]
[WhiteElo "2101"]
[BlackElo "2046"]
[PlyCount "74"]
[EventDate "2025.04.18"]
[EventType "swiss"]
[EventRounds "7"]
[EventCountry "ENG"]
[SourceTitle "BritBase"]
[Source "John Saunders"]
[SourceDate "2025.09.17"]
[SourceVersion "1"]
[SourceVersionDate "2025.09.17"]
[SourceQuality "1"]

1. e4 g6 2. d4 Bg7 3. Nf3 d6 4. Bd3 Nf6 5. O-O O-O 6. Re1 Nc6 7. d5 Nb8 8. h3 e5 9. dxe6 Bxe6 10. Nc3 Nc6 11. Bg5 h6 12. Bf4 Nh5 13. Bh2 a6 14. a4 Qd7 15. Bf1 Rad8 16. Nd5 Rfe8 17. Qd2 Bxd5 18. exd5 Ne5 19. Nd4 Qc8 20. f4 Nd7 21. Be2 Nhf6 22. Bf3 Nb6 23. Ne2 Ne4 24. Bxe4 Rxe4 25. Nc3 Nc4 26. Qd3 Rxe1+ 27. Rxe1 Nxb2 28. Qf3 Bxc3 29. Qxc3 Nxa4 30. Qd4 Nc5 31. f5 Qxf5 32. Bf4 g5 33. Bc1 Nd7 34. Bb2 Ne5 35. c4 Re8 36. Rf1 Qg6 37. c5 dxc5 0-1

[Event "Daventry 4NCL Easter Open"]
[Site "Daventry"]
[Date "2025.04.20"]
[Round "5.15"]
[White "Sullivan, Daniel JS"]
[Black "Sahoo, Shivam"]
[Result "1-0"]
[WhiteElo "2050"]
[BlackElo "1794"]
[PlyCount "85"]
[EventDate "2025.04.18"]
[EventType "swiss"]
[EventRounds "7"]
[EventCountry "ENG"]
[SourceTitle "BritBase"]
[Source "John Saunders"]
[SourceDate "2025.09.17"]
[SourceVersion "1"]
[SourceVersionDate "2025.09.17"]
[SourceQuality "1"]

1. c4 Nf6 2. Nf3 g6 3. Nc3 Bg7 4. e4 d6 5. d4 O-O 6. Be2 e5 7. O-O Nc6 8. d5 Ne7 9. b4 Ne8 10. a4 f5 11. a5 f4 12. c5 h6 13. a6 b6 14. cxb6 cxb6 15. Nd2 g5 16. Bg4 Nf6 17. Bxc8 Qxc8 18. Qb3 Ng6 19. Bb2 Nh4 20. f3 g4 21. Qc4 Qe8 22. Qe2 Qg6 23. Kh1 Rf7 24. Nb5 Bf8 25. Rac1 Be7 26. Rc7 Raf8 27. Nxa7 Nh5 28. fxg4 Ng3+ 29. hxg3 fxg3 30. Rxf7 Rxf7 31. Nc6 Qg5 32. Nxe7+ Kh7 33. Nf3 Qxg4 34. a7 Qh5 35. Kg1 Nxf3+ 36. gxf3 Rxf3 37. Nf5+ Kg6 38. Rg7+ Kf6 39. Rxg3 Rxg3+ 40. Nxg3 Qe8 41. Qh5 Qa8 42. Qxh6+ Kf7 43. Nh5 1-0

[Event "Daventry 4NCL Easter Open"]
[Site "Daventry"]
[Date "2025.04.20"]
[Round "5.16"]
[White "Ward, Cian"]
[Black "Gilmore, Simon N"]
[Result "1-0"]
[WhiteElo "1993"]
[BlackElo "2039"]
[PlyCount "73"]
[EventDate "2025.04.18"]
[EventType "swiss"]
[EventRounds "7"]
[EventCountry "ENG"]
[SourceTitle "BritBase"]
[Source "John Saunders"]
[SourceDate "2025.09.17"]
[SourceVersion "1"]
[SourceVersionDate "2025.09.17"]
[SourceQuality "1"]

1. e4 c6 2. Nc3 d5 3. Nf3 dxe4 4. Nxe4 Nf6 5. Nxf6+ exf6 6. d4 Bd6 7. Be2 O-O 8. O-O Re8 9. Be3 Nd7 10. c4 Nf8 11. Re1 Ng6 12. Qd2 Qc7 13. Rad1 Bd7 14. d5 Bf4 15. Bxf4 Qxf4 16. dxc6 Bxc6 17. Nd4 Rad8 18. Qxf4 Nxf4 19. Nxc6 Rxd1 20. Rxd1 Nxe2+ 21. Kf1 bxc6 22. Re1 Re6 23. Rxe2 Kf8 24. Re3 a5 25. Ke2 Ke7 26. Kd3 Kd6 27. a3 c5 28. Kc3 f5 29. b4 axb4+ 30. axb4 cxb4+ 31. Kxb4 g5 32. Rxe6+ fxe6 33. Kb5 e5 34. Kb6 Kd7 35. c5 Kc8 36. Kc6 e4 37. Kd5 1-0

[Event "Daventry 4NCL Easter Open"]
[Site "Daventry"]
[Date "2025.04.20"]
[Round "5.17"]
[White "Elgar, Tim"]
[Black "Manisse, Pierre-Damien"]
[Result "1-0"]
[WhiteElo "2210"]
[BlackElo "1970"]
[PlyCount "97"]
[EventDate "2025.04.18"]
[EventType "swiss"]
[EventRounds "7"]
[EventCountry "ENG"]
[SourceTitle "BritBase"]
[Source "John Saunders"]
[SourceDate "2025.09.17"]
[SourceVersion "1"]
[SourceVersionDate "2025.09.17"]
[SourceQuality "1"]

1. Nf3 d5 2. g3 Nf6 3. Bg2 c6 4. O-O Bg4 5. h3 Bxf3 6. Bxf3 e5 7. d3 Nbd7 8. e4 dxe4 9. dxe4 Be7 10. Nd2 O-O 11. a4 Qc7 12. Qe2 Rfe8 13. Nc4 Nb6 14. Ne3 g6 15. a5 Nbd7 16. Nc4 b5 17. axb6 axb6 18. Bh6 Bf8 19. Bg5 Kg7 20. h4 Nc5 21. h5 h6 22. Be3 g5 23. b4 Na4 24. Bd2 Ng8 25. Ne3 b5 26. c4 bxc4 27. Qxc4 Nb6 28. Qc2 Qb7 29. Bc3 Nd7 30. Qb2 Kh7 31. Rab1 f6 32. Bg4 Nb6 33. Rfd1 Red8 34. Qc2 Qc7 35. Rdc1 Ne7 36. Qb3 Kg7 37. Bb2 Rd6 38. b5 c5 39. Ba3 Na4 40. Qc2 Qd8 41. Bxc5 Nxc5 42. Qxc5 Rb8 43. Rc2 Rd4 44. Bf5 Rb7 45. b6 Nd5 46. Qc8 Qxc8 47. Bxc8 Rxb6 48. Rxb6 Nxb6 49. Nf5+ 1-0

[Event "Daventry 4NCL Easter Open"]
[Site "Daventry"]
[Date "2025.04.20"]
[Round "5.18"]
[White "Miller, George I"]
[Black "Shivakumar, Akshath"]
[Result "1-0"]
[WhiteElo "1950"]
[BlackElo "2007"]
[PlyCount "71"]
[EventDate "2025.04.18"]
[EventType "swiss"]
[EventRounds "7"]
[EventCountry "ENG"]
[SourceTitle "BritBase"]
[Source "John Saunders"]
[SourceDate "2025.09.17"]
[SourceVersion "1"]
[SourceVersionDate "2025.09.17"]
[SourceQuality "1"]

1. e4 e6 2. d4 d5 3. Bd3 dxe4 4. Bxe4 Nf6 5. Bf3 Be7 6. Ne2 O-O 7. O-O c6 8. c4 Nbd7 9. Nbc3 e5 10. d5 cxd5 11. cxd5 Nc5 12. Ng3 a6 13. b4 e4 14. bxc5 exf3 15. d6 fxg2 16. Kxg2 Qd7 17. dxe7 Qh3+ 18. Kg1 Re8 19. f3 Be6 20. Bg5 Rxe7 21. Bxf6 gxf6 22. Qd4 Rd7 23. Qf4 f5 24. Qg5+ Kh8 25. Qf6+ Kg8 26. Nce2 Rd2 27. Qg5+ Kh8 28. Qxd2 Rg8 29. Qd4+ Rg7 30. Qd8+ Rg8 31. Qf6+ Rg7 32. Nf4 Qxf1+ 33. Kxf1 Bc4+ 34. Kf2 Be6 35. Ngh5 h6 36. Qxg7# 1-0

[Event "Daventry 4NCL Easter Open"]
[Site "Daventry"]
[Date "2025.04.20"]
[Round "5.19"]
[White "Deighan, Matthew J"]
[Black "Cast, Julian"]
[Result "0-1"]
[WhiteElo "1811"]
[BlackElo "2006"]
[PlyCount "78"]
[EventDate "2025.04.18"]
[EventType "swiss"]
[EventRounds "7"]
[EventCountry "ENG"]
[SourceTitle "BritBase"]
[Source "John Saunders"]
[SourceDate "2025.09.17"]
[SourceVersion "1"]
[SourceVersionDate "2025.09.17"]
[SourceQuality "1"]

1. e4 d6 2. d4 Nf6 3. Nc3 Nbd7 4. f4 e5 5. Nf3 exd4 6. Nxd4 g6 7. Be3 Bg7 8. Be2 O-O 9. Nb3 Qe7 10. Bf3 c6 11. Qd2 a5 12. O-O a4 13. Nd4 Nc5 14. e5 dxe5 15. fxe5 Qxe5 16. Bf4 Nfe4 17. Bxe5 Nxd2 18. Bxg7 Kxg7 19. Rf2 Nc4 20. b3 axb3 21. cxb3 Ne5 22. Raf1 Rd8 23. Nde2 Bf5 24. Ng3 Be6 25. Be4 f5 26. Bb1 Re8 27. Re2 Bf7 28. Bxf5 gxf5 29. Nxf5+ Kf8 30. Nd6 Re7 31. Rxe5 Rxe5 32. Rxf7+ Kg8 33. b4 Nd3 34. h3 Ra3 35. Rxb7 Rxc3 36. a4 Rc2 37. a5 Ra2 38. Kh2 Rg5 39. Kh1 Raxg2 0-1

[Event "Daventry 4NCL Easter Open"]
[Site "Daventry"]
[Date "2025.04.20"]
[Round "5.20"]
[White "Hertog, Alexander"]
[Black "Ganguly, Aryaman"]
[Result "1-0"]
[WhiteElo "2015"]
[BlackElo "1992"]
[PlyCount "137"]
[EventDate "2025.04.18"]
[EventType "swiss"]
[EventRounds "7"]
[EventCountry "ENG"]
[SourceTitle "BritBase"]
[Source "John Saunders"]
[SourceDate "2025.09.17"]
[SourceVersion "1"]
[SourceVersionDate "2025.09.17"]
[SourceQuality "1"]

1. d4 d5 2. c4 e6 3. Nf3 Nf6 4. g3 c6 5. Bg2 Be7 6. O-O Nbd7 7. Qc2 O-O 8. Nbd2 b6 9. Re1 Bb7 10. e4 dxe4 11. Nxe4 Nxe4 12. Qxe4 Nf6 13. Qe2 Re8 14. b3 c5 15. Bb2 cxd4 16. Nxd4 Bxg2 17. Kxg2 Qc7 18. Red1 a6 19. Qf3 Rac8 20. Ne2 Red8 21. Nf4 h6 22. Rxd8+ Rxd8 23. Rd1 a5 24. Rxd8+ Qxd8 25. Bc3 Bc5 26. Bxf6 Qxf6 27. Nd3 Qd4 28. Nxc5 Qxc5 29. Qa8+ Kh7 30. Qb7 Kg6 31. h3 Kf6 32. Qd7 g6 33. Qd2 Kg7 34. a3 Qc6+ 35. Kh2 Qc5 36. Kg2 Qc6+ 37. Kg1 Qe4 38. Qc3+ Kg8 39. b4 Qb1+ 40. Kg2 axb4 41. axb4 Qe4+ 42. Kh2 Qe2 43. Kg1 Kf8 44. c5 bxc5 45. Qxc5+ Ke8 46. b5 Qd1+ 47. Kh2 Qd5 48. Qc8+ Qd8 49. Qc6+ Qd7 50. Qa8+ Qd8 51. Qa4 Qb6 52. Kg1 Kd7 53. Qc4 h5 54. Qd3+ Kc8 55. Kg2 Qb7+ 56. Qf3 Qxb5 57. Qxf7 Qd5+ 58. Kh2 Qf5 59. Qe8+ Kc7 60. Qe7+ Kc6 61. Qa7 Kd6 62. Qd4+ Ke7 63. g4 hxg4 64. hxg4 Qf6 65. Qxf6+ Kxf6 66. Kg3 g5 67. Kf3 e5 68. Ke4 Ke6 69. f3 1-0

[Event "Daventry 4NCL Easter Open"]
[Site "Daventry"]
[Date "2025.04.21"]
[Round "6.1"]
[White "Jones, Steven A"]
[Black "Mahadevan, Siva"]
[Result "0-1"]
[WhiteElo "2291"]
[BlackElo "2517"]
[PlyCount "82"]
[EventDate "2025.04.18"]
[EventType "swiss"]
[EventRounds "7"]
[EventCountry "ENG"]
[SourceTitle "BritBase"]
[Source "John Saunders"]
[SourceDate "2025.09.17"]
[SourceVersion "1"]
[SourceVersionDate "2025.09.17"]
[SourceQuality "1"]

1. e4 c5 2. Nf3 Nc6 3. d4 cxd4 4. Nxd4 Nf6 5. Nc3 d6 6. Bg5 e6 7. Qd2 a6 8. O-O-O Be7 9. f4 Bd7 10. Nf3 b5 11. Bxf6 gxf6 12. f5 Qb6 13. g3 O-O-O 14. fxe6 fxe6 15. Bh3 Kb8 16. Kb1 Rhe8 17. Rhf1 Ne5 18. Nd4 Bf8 19. Rxf6 b4 20. Nce2 Bg7 21. Rff1 Nc4 22. Qd3 Bb5 23. Qb3 Nxb2 24. Qxb4 Nxd1 25. Rxd1 Qc5 26. Qb3 Ka8 27. Nxb5 Rb8 28. a4 axb5 29. a5 b4 30. Bxe6 Qxa5 31. Bd5+ Ka7 32. Nd4 Rbc8 33. c4 Bxd4 34. Rxd4 Rf8 35. Qe3 Qc5 36. e5 dxe5 37. Qxe5 Rce8 38. Qg7+ Re7 39. Qg4 b3 40. Rd2 Qa3 41. Qd4+ Ka6 0-1